00653 2200241 4500001002100000005001700021008004100038035002400079090001800103100001400121245009000135250001100225260003300236300002500269500002200294650001400316850001500330980001500345985000600360999001500366999001500381999001500396YOGYA-0209000000148920090227020440.0 ind  0010-020900000001489 a345.01bJok C aJokomulyo aCatatan harian seorang jaksacmengungkap kasus-kasus subversi, korupsi dan manipulasi aCet. 1 aSemarangbDahara Prizec1992 a210 hlmbilusc21 cm aBibliografi : hlm aKejaksaan aYOPDYOG(B) a08-03-2005 a3 a97P0101942 a97P0101943 a97P0101944